All countries with a population of 25 million - Statistics

General Stats
  • This quiz has been taken 61 times
    31 since last reset
  • The average score is 43 of 57
Answer Stats
Population Answer % Correct
1,432 million China
100%
125 million Mexico
92%
209 million Brazil
88%
36 million Canada
88%
102 million Egypt
88%
64 million France
88%
81 million Germany
88%
1,324 million India
88%
127 million Russia
88%
69 million Thailand
88%
67 million United Kingdom
88%
331 million United States of America
88%
44 million Argentina
85%
221 million Indonesia
85%
114 million Japan
85%
25 million Niger
85%
164 million Nigeria
85%
46 million Spain
85%
38 million Afghanistan
81%
25 million Australia
81%
76 million Iran
81%
61 million Italy
81%
213 million Pakistan
81%
52 million South Africa
81%
96 million Vietnam
81%
46 million Colombia
77%
117 million Ethiopia
77%
40 million Iraq
77%
106 million Philippines
77%
47 million South Korea
77%
81 million Turkey
77%
43 million Algeria
73%
32 million Angola
73%
145 million Bangladesh
73%
84 million Democratic Republic of the Congo
73%
32 million Malaysia
73%
35 million Morocco
73%
50 million Myanmar
73%
32 million Peru
73%
37 million Poland
73%
34 million Saudi Arabia
69%
25 million Taiwan
69%
42 million Ukraine
69%
48 million Kenya
65%
25 million North Korea
65%
42 million Sudan
65%
54 million Tanzania
65%
31 million Ghana
62%
31 million Mozambique
62%
45 million Uganda
62%
28 million Venezuela
62%
26 million Cameroon
58%
27 million Madagascar
58%
29 million Nepal
58%
26 million Ivory Coast
54%
33 million Uzbekistan
54%
29 million Yemen
42%
No matching quizzes found
Score Distribution
Percent of People with Each Score
Percentile by Number Answered
Your Score History
You have not taken this quiz since the last reset